000 00668nam a22002177a 4500
008 151007b xxu||||| |||| 00| 0 eng d
020 _a9780136108863
020 _a0136108865
041 0 _aeng
080 _a657
100 1 _aHarrison, Walter T.
245 1 0 _aFinancial accounting /
_cWalter T. Harrison Jr., Charles T. Horngren, C. William (Bill) Thomas.
250 _a8th ed.
260 _aUpper Saddle River, N.J. :
_bPearson Education/Pearson Prentice Hall,
_c2010.
300 _axxxvi, 924 f. :
_bme il.;
_c29 cm.
650 0 _aKontabilitet
650 0 _aFinanciar
700 1 _aHorngren, Charles T.,
700 1 _aThomas, C. William.
942 _2udc
_cBK
999 _c1231
_d1231